Music Quiz

Random Music or Decade Quiz

2000s Lyric Match Quiz Stats

 Plays Quiz Updated Jun 26, 2018

Score 0/24 Timer 06:00
12 Plays Today
% Correct
Single Ladies (Put A Ring On It) - Beyoncé
98.5%
Hot N Cold - Katy Perry
90.4%
Bleeding Love - Leona Lewis
81.9%
Hey Ya! - OutKast
81.6%
I Gotta Feeling - The Black Eyed Peas
80.8%
Lose Yourself - Eminem
80.5%
In da Club - 50 Cent
79.6%
Viva la Vida - Coldplay
78.5%
Low - Flo Rida
77%
It Wasn't Me - Shaggy ft. Rikrok
75.3%
Crank That (Soulja Boy) - Soulja Boy Tell 'Em
74.9%
Hollaback Girl - Gwen Stefani
74.3%
% Correct
Umbrella - Rihanna ft. Jay-Z
73.8%
Big Girls Don't Cry (Personal) - Fergie
71.8%
Apologize - One Republic
67%
Stronger - Kanye West
65.1%
I'm Yours - Jason Mraz
57.3%
Bad Day - Daniel Powter
55.1%
Whatever You Like - T.I.
53.6%
Forever - Chris Brown
51.7%
Just Dance - Lady Gaga ft. Colby O'Donis
50.3%
Yeah! - Usher ft. Lil Jon & Ludacris
45.9%
Dilemma - Nelly ft. Kelly Rowland
45.8%
Goodies - Ciara ft. Petey Pablo
45.1%

You're not logged in!

Compare scores with friends on all Sporcle quizzes.
OR
Log In

Sporcle TV

Today on Sporcle TV


Watch our educational content, quiz creation guides, and fun videos on Sporcle TV.

Show Comments

Extras

Top Quizzes Today


Score Distribution

Your Account Isn't Verified!

In order to create a playlist on Sporcle, you need to verify the email address you used during registration. Go to your Sporcle Settings to finish the process.

Report this User

Report this user for behavior that violates our Community Guidelines.

Details: